[Event "Moscow Stars Blitz"]
[Site "Moscow"]
[Date "2025.06.29"]
[Round "2"]
[White "Karjakin, Sergey"]
[Black "Sadhwani, Raunak"]
[Result "1-0"]
[WhiteElo "2750"]
[BlackElo "2672"]
[PlyCount "113"]
[EventDate "2025.06.29"]
[EventType "tourn (blitz)"]
[EventRounds "18"]
[EventCountry "RUS"]
[EventCategory "15"]
[SourceTitle "CB27_2025"]
[SourceDate "2025.07.02"]
[SourceVersion "1"]
[SourceVersionDate "2025.07.02"]
[SourceQuality "1"]

1. e4 e5 2. Nf3 Nc6 3. Bb5 Nf6 4. d3 Bc5 5. c3 0-0 6. 0-0 d5 7. Nbd2 dxe4 8. dxe4 Qe7 9. b4 Bd6 10. a3 a5 11. Bb2 Be6 12. Qc2 Na7 13. Be2 Nc6 14. Nc4 Nh5 15. g3 Nf6 16. Rad1 axb4 17. cxb4 Bh3 18. Rfe1 Ng4 19. Nxd6 cxd6 20. Qd2 Nf6 21. Qxd6 Qxd6 22. Rxd6 Nxe4 23. Rdd1 Nf6 24. b5 Nd4 25. Nxd4 exd4 26. Rxd4 Rfe8 27. f3 Re3 28. Kf2 Rb3 29. Rd2 Be6 30. Bf1 h5 31. Re3 Rxe3 32. Kxe3 Nd5+ 33. Kf2 Nb6 34. Rd4 Na4 35. Bc1 Nc5 36. Rh4 Nb3 37. Bb2 Rc8 38. Bd3 Nc5 39. Bc2 Nb3 40. Bd1 Rd8 41. Bxb3 Bxb3 42. Ke3 Re8+ 43. Kd2 Rd8+ 44. Kc3 Bd1 45. Rxh5 Bxf3 46. Rf5 Bh1 47. a4 Rd5 48. Rxd5 Bxd5 49. Kd4 Bg2 50. Kc5 f6 51. a5 Kf7 52. Kd6 Bf1 53. Kc7 Bxb5 54. Kxb7 Kg6 55. h4 Kh5 56. Bc1 Kg4 57. Bf4 1-0

[Event "Moscow Stars Blitz"]
[Site "Moscow"]
[Date "2025.06.29"]
[Round "7"]
[White "Sadhwani, Raunak"]
[Black "Artemiev, Vladislav"]
[Result "0-1"]
[WhiteElo "2672"]
[BlackElo "2676"]
[PlyCount "106"]
[EventDate "2025.06.29"]
[EventType "tourn (blitz)"]
[EventRounds "18"]
[EventCountry "RUS"]
[EventCategory "15"]
[SourceTitle "CB27_2025"]
[SourceDate "2025.07.02"]
[SourceVersion "1"]
[SourceVersionDate "2025.07.02"]
[SourceQuality "1"]

1. e4 e5 2. Nf3 Nc6 3. Bb5 Nf6 4. d3 d6 5. 0-0 Be7 6. c3 0-0 7. h3 h6 8. Re1 Bd7 9. d4 Nxd4 10. Nxd4 exd4 11. Bxd7 Nxd7 12. cxd4 c5 13. Nc3 Re8 14. Be3 Rc8 15. Qd2 Nb6 16. Qd3 d5 17. dxc5 Bxc5 18. Bxc5 Rxc5 19. Red1 Qc8 20. exd5 Rd8 21. Rd2 Nc4 22. Rc2 Nxb2 23. Qd4 Rc4 24. Qd2 Na4 25. Rac1 Nxc3 26. Rxc3 Rxd5 27. Rxc4 Qxc4 28. Qe3 Qb5 29. Rc8+ Kh7 30. Qe4+ f5 31. Qe6 Qd7 32. Qg8+ Kg6 33. Re8 Rd1+ 34. Kh2 Rd6 35. Re3 f4 36. Re5 Qf7 37. Qb8 Rf6 38. Qxa7 f3 39. g3 Kh7 40. Qe3 Qxa2 41. Qe4+ Kg8 42. Re8+ Rf8 43. Rxf8+ Kxf8 44. Qxf3+ Qf7 45. Qe3 Qd5 46. Qf4+ Kg8 47. g4 b5 48. h4 Qc4 49. Qf5 b4 50. Kg3 Qc3+ 51. Kf4 Qc7+ 52. Ke4 Qc2+ 53. Kd4 Qxf5 0-1

[Event "Moscow Stars Blitz"]
[Site "Moscow"]
[Date "2025.06.29"]
[Round "5"]
[White "Sadhwani, Raunak"]
[Black "Assaubayeva, Bibissara"]
[Result "0-1"]
[WhiteElo "2672"]
[BlackElo "2509"]
[PlyCount "124"]
[EventDate "2025.06.29"]
[EventType "tourn (blitz)"]
[EventRounds "18"]
[EventCountry "RUS"]
[EventCategory "15"]
[SourceTitle "CB27_2025"]
[SourceDate "2025.07.02"]
[SourceVersion "1"]
[SourceVersionDate "2025.07.02"]
[SourceQuality "1"]

1. e4 c5 2. Nf3 d6 3. d4 cxd4 4. Nxd4 Nf6 5. Nc3 a6 6. Be3 e5 7. Nf3 h6 8. Bc4 Qc7 9. Bb3 Nc6 10. 0-0 Be7 11. Nh4 Na5 12. Qf3 Nxb3 13. cxb3 0-0 14. Rac1 Qa5 15. a3 Be6 16. b4 Qd8 17. Nf5 Bxf5 18. Qxf5 Rc8 19. Rfd1 Rc6 20. Rd3 Qc8 21. Qf3 Rc4 22. Re1 Qe6 23. h3 Rfc8 24. Bd2 b5 25. g4 Bf8 26. Kg2 g6 27. Rd1 Rd4 28. Be3 Rxd3 29. Rxd3 Bg7 30. Qd1 Bf8 31. f3 Qc4 32. h4 h5 33. Bg5 Ne8 34. gxh5 gxh5 35. f4 f6 36. Rg3 fxg5 37. Qxh5 exf4 38. Rxg5+ Bg7 39. Qg4 Kh8 40. Qh5+ Kg8 41. Qg4 Kh8 42. Qh5+ Kg8 43. Qg4 Kh8 44. Qf5 Rc7 45. Rh5+ Kg8 46. Qh7+ Kf8 47. Qg6 Rf7 48. Rf5 Rxf5 49. Qxf5+ Kg8 50. Qxf4 Bxc3 51. bxc3 Qxc3 52. Qf5 Qb2+ 53. Kh3 Qxa3+ 54. Kg4 Qxb4 55. Qe6+ Kf8 56. h5 Qe1 57. h6 Qg1+ 58. Kf5 Qf1+ 59. Kg6 Qg2+ 60. Kh7 Qg5 61. Kh8 Qf6+ 62. Kh7 Qxe6 0-1

[Event "Moscow Stars Blitz"]
[Site "Moscow"]
[Date "2025.06.29"]
[Round "9"]
[White "Sadhwani, Raunak"]
[Black "Gunina, Valentina"]
[Result "1-0"]
[WhiteElo "2672"]
[BlackElo "2416"]
[PlyCount "71"]
[EventDate "2025.06.29"]
[EventType "tourn (blitz)"]
[EventRounds "18"]
[EventCountry "RUS"]
[EventCategory "15"]
[SourceTitle "CB27_2025"]
[SourceDate "2025.07.02"]
[SourceVersion "1"]
[SourceVersionDate "2025.07.02"]
[SourceQuality "1"]

1. e4 c5 2. Nf3 Nc6 3. Bb5 e6 4. Bxc6 bxc6 5. d3 Ne7 6. h4 f6 7. e5 d6 8. exd6 Nf5 9. Nc3 Bxd6 10. Ne4 0-0 11. b3 e5 12. h5 Nd4 13. h6 g6 14. c3 Nxf3+ 15. Qxf3 Be6 16. Ba3 Qa5 17. Nxd6 Qxa3 18. Qxc6 Qa5 19. Ne4 Qb6 20. Qxc5 Qxc5 21. Nxc5 Bd5 22. f3 Kf7 23. Kd2 Ke7 24. c4 Bg8 25. Kc3 Kd6 26. b4 Rfc8 27. a3 f5 28. Rhe1 a5 29. Nb7+ Kc7 30. Nxa5 Re8 31. a4 Ra6 32. Nb3 g5 33. a5 Rxh6 34. a6 Kb8 35. b5 Rd8 36. Rxe5 1-0

[Event "Moscow Stars Rapid"]
[Site "Moscow"]
[Date "2025.06.28"]
[Round "8"]
[White "Radjabov, Teimour"]
[Black "Sadhwani, Raunak"]
[Result "1/2-1/2"]
[WhiteElo "2692"]
[BlackElo "2672"]
[PlyCount "41"]
[EventDate "2025.06.26"]
[EventType "tourn (rapid)"]
[EventRounds "9"]
[EventCountry "RUS"]
[EventCategory "15"]
[SourceTitle "CB27_2025"]
[SourceDate "2025.07.02"]
[SourceVersion "1"]
[SourceVersionDate "2025.07.02"]
[SourceQuality "1"]

1. d4 Nf6 2. c4 e6 3. Nf3 d5 4. Nc3 c5 5. cxd5 cxd4 6. Qxd4 exd5 7. e4 dxe4 8. Qxd8+ Kxd8 9. Ng5 Be6 10. Nxe6+ fxe6 11. Bg5 Nc6 12. 0-0-0+ Ke8 13. Bxf6 gxf6 14. Nxe4 f5 15. Ng5 Ke7 16. Bc4 Bh6 17. h4 Rad8 18. Kb1 Rxd1+ 19. Rxd1 Bxg5 20. hxg5 Rg8 21. f4 1/2-1/2

[Event "Moscow Stars Rapid"]
[Site "Moscow"]
[Date "2025.06.28"]
[Round "9"]
[White "Sadhwani, Raunak"]
[Black "Gunina, Valentina"]
[Result "1-0"]
[WhiteElo "2672"]
[BlackElo "2416"]
[PlyCount "105"]
[EventDate "2025.06.26"]
[EventType "tourn (rapid)"]
[EventRounds "9"]
[EventCountry "RUS"]
[EventCategory "15"]
[SourceTitle "CB27_2025"]
[SourceDate "2025.07.02"]
[SourceVersion "1"]
[SourceVersionDate "2025.07.02"]
[SourceQuality "1"]

1. c4 c6 2. d4 d5 3. Nf3 Nf6 4. e3 Bf5 5. Nc3 e6 6. Nh4 Be4 7. f3 Bg6 8. Bd2 Be7 9. Nxg6 hxg6 10. Qc2 a5 11. 0-0-0 0-0 12. h4 Nbd7 13. g4 a4 14. h5 g5 15. h6 g6 16. e4 dxe4 17. Nxe4 Nxe4 18. h7+ Kh8 19. fxe4 Bf6 20. e5 Bg7 21. Bc3 c5 22. d5 exd5 23. Rxd5 Qe7 24. Bg2 Ra6 25. Re1 a3 26. bxa3 Re6 27. Rdd1 Nxe5 28. Bd5 Ra6 29. Qb2 Re8 30. Re3 f6 31. Bxe5 fxe5 32. Qxb7 Qxb7 33. Bxb7 Ra4 34. Bd5 e4 35. Bf7 Bd4 36. Bxe8 Bxe3+ 37. Kb1 Ra6 38. Re1 Bd4 39. Rxe4 Kxh7 40. a4 Rf6 41. a5 Rf1+ 42. Kc2 Ra1 43. a4 Ra2+ 44. Kb3 Rb2+ 45. Ka3 Rb7 46. a6 Ra7 47. Re6 Kg7 48. Bxg6 Bc3 49. Be4 Bb4+ 50. Kb3 Rd7 51. Rg6+ Kf8 52. Rh6 Kg8 53. Rh7 1-0

[Event "FRA-chT Top 16 GpB"]
[Site "Belfort"]
[Date "2025.05.27"]
[Round "6.2"]
[White "Schlosser, Philipp"]
[Black "Sadhwani, Raunak"]
[Result "0-1"]
[WhiteElo "2472"]
[BlackElo "2672"]
[PlyCount "78"]
[EventDate "2025.05.22"]
[EventType "team-tourn"]
[EventRounds "7"]
[EventCountry "FRA"]
[SourceTitle "CB22_2025"]
[SourceDate "2025.05.28"]
[SourceVersion "1"]
[SourceVersionDate "2025.05.28"]
[SourceQuality "1"]
[WhiteTeam "Bischwiller"]
[BlackTeam "Aix En Provence"]
[WhiteTeamCountry "FRA"]
[BlackTeamCountry "FRA"]

1. d4 Nf6 2. c4 e6 3. Nf3 b6 4. g3 Bb7 5. Bg2 Be7 6. 0-0 0-0 7. Nc3 Ne4 8. Nxe4 Bxe4 9. Ne1 Bxg2 10. Nxg2 d5 11. cxd5 Qxd5 12. Nf4 Qb5 13. a4 Qd7 14. e4 Nc6 15. d5 Rad8 16. Be3 exd5 17. Nxd5 Ne5 18. Qh5 Bd6 19. Rfd1 Qe6 20. Rac1 Ng4 21. Nf4 Qd7 22. Bd4 g6 23. Qb5 Qe7 24. f3 Ne5 25. Nd5 Qe6 26. Bxe5 Qxe5 27. f4 Qe6 28. b4 c5 29. Qe2 cxb4 30. Kg2 Bc5 31. Qf3 a5 32. e5 Kg7 33. g4 h6 34. Rc2 Qe8 35. Rcd2 Qxa4 36. f5 Qc6 37. h4 a4 38. h5 g5 39. Qe4 Rde8 0-1

[Event "Chess.com Classic Play In"]
[Site "Chess.com INT"]
[Date "2025.05.19"]
[Round "2"]
[White "Sadhwani, Raunak"]
[Black "Narayanan, Sunilduth Lyna"]
[Result "1-0"]
[WhiteElo "2672"]
[BlackElo "2598"]
[PlyCount "119"]
[EventDate "2025.05.19"]
[EventType "swiss (blitz)"]
[EventRounds "9"]
[EventCountry "USA"]
[SourceTitle "CB21_2025"]
[SourceDate "2025.05.21"]
[SourceVersion "1"]
[SourceVersionDate "2025.05.21"]
[SourceQuality "1"]

1. e4 e5 2. Nf3 Nc6 3. Bc4 d6 4. c3 h6 5. d4 Qe7 6. 0-0 Nf6 7. Re1 g6 8. b4 Bg7 9. b5 Na5 10. Bd3 Bg4 11. dxe5 dxe5 12. Ba3 Qe6 13. Qa4 b6 14. Nbd2 Bf8 15. Bb4 Bxf3 16. Nxf3 Nb7 17. Rad1 Nc5 18. Qc2 Bd6 19. Bf1 0-0 20. Nd2 Rfd8 21. Bc4 Qe7 22. Nf1 Kg7 23. Ne3 Ne6 24. a3 a5 25. Bxd6 Rxd6 26. Rxd6 Qxd6 27. a4 Nc5 28. Rd1 Qe7 29. Nd5 Nxd5 30. Bxd5 Rd8 31. g3 Nd7 32. Rd3 Nf6 33. c4 Qb4 34. Rf3 Qc5 35. Qc3 Qd4 36. Qc2 Qc5 37. Qc3 Qd4 38. Qxd4 exd4 39. Kf1 Re8 40. Ke2 Nxd5 41. cxd5 Rxe4+ 42. Kd3 Re1 43. Kxd4 Rd1+ 44. Ke5 Re1+ 45. Re3 Rc1 46. d6 Rc5+ 47. Kd4 cxd6 48. Re7 Rc2 49. Rb7 Rxf2 50. Rxb6 Ra2 51. Rxd6 Rxa4+ 52. Kc5 Ra2 53. b6 Rxh2 54. b7 Rc2+ 55. Kb6 Rb2+ 56. Kc7 a4 57. Rb6 Rc2+ 58. Kd6 Rd2+ 59. Ke5 Re2+ 60. Kf4 1-0

[Event "Kuwait Rapid op 3rd"]
[Site "Kuwait City"]
[Date "2025.05.03"]
[Round "7"]
[White "Sadhwani, Raunak"]
[Black "Adly, Ahmed"]
[Result "0-1"]
[WhiteElo "2672"]
[BlackElo "2597"]
[PlyCount "68"]
[EventDate "2025.05.02"]
[EventType "swiss (rapid)"]
[EventRounds "9"]
[EventCountry "KUW"]
[SourceTitle "CB19_2025"]
[SourceDate "2025.05.07"]
[SourceVersion "1"]
[SourceVersionDate "2025.05.07"]
[SourceQuality "1"]

1. e4 c5 2. Nf3 Nf6 3. Nc3 Nc6 4. Bb5 Qc7 5. 0-0 e6 6. Bxc6 dxc6 7. e5 Nd7 8. Re1 h6 9. d4 cxd4 10. Qxd4 b6 11. Ne4 c5 12. Qc3 Bb7 13. Bf4 Qc6 14. a4 g5 15. Bg3 0-0-0 16. a5 Be7 17. axb6 axb6 18. Nfd2 h5 19. f3 g4 20. Nc4 Kb8 21. fxg4 Rdg8 22. Ncd6 Bxd6 23. exd6 f5 24. g5 h4 25. Be5 Rh7 26. Bf4 fxe4 27. Be3 h3 28. g3 Rxg5 29. Qa3 Rf5 30. Qa7+ Kc8 31. b4 Rhf7 32. bxc5 Rf2 33. Qa2 Rg2+ 34. Kh1 Rff2 0-1

[Event "Kuwait Rapid op 3rd"]
[Site "Kuwait City"]
[Date "2025.05.03"]
[Round "9"]
[White "Sadhwani, Raunak"]
[Black "Andriasian, Zaven"]
[Result "1-0"]
[WhiteElo "2672"]
[BlackElo "2547"]
[PlyCount "67"]
[EventDate "2025.05.02"]
[EventType "swiss (rapid)"]
[EventRounds "9"]
[EventCountry "KUW"]
[SourceTitle "CB19_2025"]
[SourceDate "2025.05.07"]
[SourceVersion "1"]
[SourceVersionDate "2025.05.07"]
[SourceQuality "1"]

1. c4 e5 2. Nc3 Nc6 3. g3 Bb4 4. Nd5 Nf6 5. Nf3 Bc5 6. Bg2 d6 7. 0-0 Nxd5 8. cxd5 Nd4 9. Nxd4 Bxd4 10. e3 Bb6 11. f4 0-0 12. b3 Qe7 13. Bb2 Bd7 14. a4 a5 15. Qc2 f6 16. Kh1 Rac8 17. Ba3 Kh8 18. Qd3 Rce8 19. Rfc1 Ra8 20. Rc4 Qe8 21. Rac1 Qh5 22. fxe5 Qxe5 23. Rf1 Rae8 24. Qc2 Qe7 25. Rh4 h6 26. Bb2 c6 27. Qg6 Qf7 28. Rxh6+ gxh6 29. Bxf6+ Qxf6 30. Rxf6 Rxf6 31. Qxf6+ Kg8 32. Qg6+ Kf8 33. Qxd6+ Re7 34. dxc6 1-0

[Event "Kuwait Rapid op 3rd"]
[Site "Kuwait City"]
[Date "2025.05.02"]
[Round "1"]
[White "Sadhwani, Raunak"]
[Black "Ibrahim, Tayseer"]
[Result "1-0"]
[WhiteElo "2672"]
[BlackElo "1575"]
[PlyCount "69"]
[EventDate "2025.05.02"]
[EventType "swiss (rapid)"]
[EventRounds "9"]
[EventCountry "KUW"]
[SourceTitle "CB19_2025"]
[SourceDate "2025.05.07"]
[SourceVersion "1"]
[SourceVersionDate "2025.05.07"]
[SourceQuality "1"]

1. e4 e5 2. Nf3 Nc6 3. Bc4 h6 4. 0-0 Bc5 5. c3 Nf6 6. d4 exd4 7. cxd4 Bb6 8. e5 Nh7 9. d5 Ne7 10. d6 Nc6 11. Nc3 0-0 12. Bf4 cxd6 13. exd6 Nf6 14. Qd2 Nh7 15. Nd5 Re8 16. Rfe1 Re6 17. b4 Qf8 18. a3 Bd8 19. Nc7 Bxc7 20. Bxe6 fxe6 21. dxc7 a6 22. Bd6 Qf7 23. a4 Ne7 24. Ne5 Qf6 25. Ra3 Ng5 26. h4 Nf7 27. Rf3 Nf5 28. Nxf7 Qxf7 29. Qd3 Qh5 30. a5 b5 31. Qe4 Ra7 32. Rxf5 exf5 33. Qe8+ Qxe8 34. Rxe8+ Kf7 35. Rxc8 1-0

[Event "Kuwait Rapid op 3rd"]
[Site "Kuwait City"]
[Date "2025.05.02"]
[Round "5"]
[White "Sadhwani, Raunak"]
[Black "Iniyan, Panneerseluam"]
[Result "1-0"]
[WhiteElo "2672"]
[BlackElo "2573"]
[PlyCount "37"]
[EventDate "2025.05.02"]
[EventType "swiss (rapid)"]
[EventRounds "9"]
[EventCountry "KUW"]
[SourceTitle "CB19_2025"]
[SourceDate "2025.05.07"]
[SourceVersion "1"]
[SourceVersionDate "2025.05.07"]
[SourceQuality "1"]

1. c4 Nf6 2. Nc3 e5 3. Nf3 Nc6 4. g3 d5 5. cxd5 Nxd5 6. Bg2 Nxc3 7. bxc3 e4 8. Nd4 Nxd4 9. cxd4 Qxd4 10. Rb1 Bc5 11. e3 Qc4 12. Bb2 0-0 13. Rc1 Qb5 14. Qc2 Bg4 15. Bf1 Qb6 16. Bxg7 Bxe3 17. fxe3 Kxg7 18. Qxe4 Qb2 19. Qxg4+ 1-0

[Event "Bundesliga 2425"]
[Site "Germany"]
[Date "2025.04.27"]
[Round "15.7"]
[White "Amin, Bassem"]
[Black "Sadhwani, Raunak"]
[Result "1/2-1/2"]
[WhiteElo "2636"]
[BlackElo "2659"]
[PlyCount "40"]
[EventDate "2024.09.28"]
[EventType "team-tourn"]
[EventRounds "15"]
[EventCountry "GER"]
[SourceTitle "CB18_2025"]
[SourceDate "2025.04.30"]
[SourceVersion "1"]
[SourceVersionDate "2025.04.30"]
[SourceQuality "1"]
[WhiteTeam "Viernheim"]
[BlackTeam "Duesseldorf"]
[WhiteTeamCountry "GER"]
[BlackTeamCountry "GER"]

1. Nf3 d5 2. g3 g6 3. c4 dxc4 4. Na3 Bg7 5. Nxc4 Nc6 6. d3 e5 7. Bd2 Nge7 8. b4 b5 9. Na5 Nxa5 10. bxa5 Bb7 11. Bg2 e4 12. a6 Bd5 13. dxe4 Bxe4 14. Rc1 0-0 15. 0-0 c6 16. a4 bxa4 17. Qxa4 Bxf3 18. Ba5 Qc8 19. Bxf3 Qxa6 20. Rfd1 Rfd8 1/2-1/2

[Event "Bundesliga 2425"]
[Site "Germany"]
[Date "2025.03.23"]
[Round "11.4"]
[White "Tischbierek, Raj"]
[Black "Sadhwani, Raunak"]
[Result "0-1"]
[WhiteElo "2432"]
[BlackElo "2659"]
[PlyCount "62"]
[EventDate "2024.09.28"]
[EventType "team-tourn"]
[EventRounds "15"]
[EventCountry "GER"]
[SourceTitle "CB13_2025"]
[SourceDate "2025.03.26"]
[SourceVersion "1"]
[SourceVersionDate "2025.03.26"]
[SourceQuality "1"]
[WhiteTeam "Dresden TU"]
[BlackTeam "Duesseldorf"]
[WhiteTeamCountry "GER"]
[BlackTeamCountry "GER"]

1. e4 c5 2. Nf3 Nc6 3. Nc3 d6 4. d4 cxd4 5. Nxd4 Nf6 6. Bg5 e6 7. Qd2 a6 8. 0-0-0 Bd7 9. f4 Be7 10. Nf3 b5 11. Bxf6 gxf6 12. f5 Qb6 13. Kb1 0-0-0 14. g3 Kb8 15. fxe6 fxe6 16. Qe1 b4 17. Ne2 e5 18. Nc1 Be6 19. Bg2 Rc8 20. Rf1 Rc7 21. Qf2 Qb5 22. Qe3 Na5 23. Qe1 Nc4 24. Rf2 Qb6 25. Rd3 d5 26. exd5 e4 27. dxe6 exd3 28. Nxd3 Rd8 29. Nh4 Rxd3 30. cxd3 Na3+ 31. Ka1 Qxf2 0-1

[Event "Titled Tuesday intern op 11th Mar Late"]
[Site "Chess.com INT"]
[Date "2025.03.11"]
[Round "1"]
[White "Karas, Marek"]
[Black "Sadhwani, Raunak"]
[Result "0-1"]
[WhiteElo "2165"]
[BlackElo "2664"]
[PlyCount "154"]
[EventDate "2025.03.11"]
[EventType "swiss (blitz)"]
[EventRounds "11"]
[EventCountry "USA"]
[SourceTitle "CB12_2025"]
[SourceDate "2025.03.19"]
[SourceVersion "1"]
[SourceVersionDate "2025.03.19"]
[SourceQuality "1"]

1. d4 Nf6 2. Bg5 Ne4 3. Bf4 c5 4. f3 Nf6 5. dxc5 Qa5+ 6. Nc3 Qxc5 7. e4 d6 8. Qd2 Nc6 9. 0-0-0 g6 10. Bb5 a6 11. Bxc6+ bxc6 12. e5 Nd5 13. Nxd5 cxd5 14. Qxd5 Qxd5 15. Rxd5 Be6 16. Rd1 dxe5 17. Bxe5 Bh6+ 18. Kb1 f6 19. Bc3 Kf7 20. Ne2 Rhd8 21. b3 Rac8 22. Kb2 Bf5 23. Nd4 Bd7 24. Ba5 Re8 25. Ne2 Bc6 26. Nd4 Bb7 27. Rhe1 Bf4 28. g3 Bb8 29. f4 e5 30. fxe5 Bxe5 31. Kb1 Rc5 32. Bb4 Rd5 33. c3 Rc8 34. Kb2 a5 35. Ba3 Ba6 36. Re3 h5 37. Ree1 Bb7 38. Rd2 h4 39. gxh4 Rh8 40. Nf3 Rxd2+ 41. Nxd2 Rxh4 42. Nf1 Rf4 43. Bc5 Rf3 44. Bd4 Bc7 45. Ng3 g5 46. Ne4 Bxe4 47. Rxe4 Bxh2 48. b4 axb4 49. cxb4 f5 50. Re2 Bd6 51. b5 g4 52. a4 g3 53. a5 Rd3 54. Bb6 Rd5 55. Kc3 Rxb5 56. Kc4 Rb1 57. Kd5 Bb8 58. Kc6 f4 59. Kb7 f3 60. Re3 f2 61. Rf3+ Ke6 62. Kxb8 f1Q 63. Rxf1 Rxf1 64. a6 Rb1 65. Kc7 Rxb6 66. Kxb6 g2 67. a7 g1Q+ 68. Kb7 Qb1+ 69. Kc8 Qa2 70. Kb7 Qb3+ 71. Kc7 Qa4 72. Kb7 Qb5+ 73. Ka8 Qa5 74. Kb7 Qb5+ 75. Ka8 Qd7 76. Kb8 Kd6 77. a8Q Qc7# 0-1

[Event "Moscow Aeroflot op-A"]
[Site "Moscow"]
[Date "2025.03.06"]
[Round "9"]
[White "Sadhwani, Raunak"]
[Black "Vetokhin, Savva"]
[Result "1/2-1/2"]
[WhiteElo "2664"]
[BlackElo "2533"]
[PlyCount "140"]
[EventDate "2025.03.01"]
[EventType "swiss"]
[EventRounds "9"]
[EventCountry "RUS"]
[SourceTitle "CB11_2025"]
[SourceDate "2025.03.12"]
[SourceVersion "1"]
[SourceVersionDate "2025.03.12"]
[SourceQuality "1"]

1. e4 c5 2. Nf3 Nc6 3. Bb5 e6 4. Bxc6 bxc6 5. d3 Qc7 6. b3 e5 7. Bb2 d6 8. Nc3 Be7 9. Qe2 f5 10. Nd2 Nf6 11. 0-0-0 0-0 12. g3 a5 13. Na4 fxe4 14. dxe4 Ba6 15. c4 Nd7 16. Qe3 Bb7 17. f4 d5 18. f5 Ba6 19. g4 Rab8 20. g5 dxc4 21. Rhg1 cxb3 22. axb3 c4 23. f6 Nxf6 24. gxf6 Bxf6 25. Nxc4 Bxc4 26. bxc4 Rb4 27. c5 Qf7 28. Nb6 Qa2 29. Qa3 Qxa3 30. Bxa3 Rxe4 31. Rd6 Bh4 32. Rxc6 Bf2 33. Rg2 Rf3 34. Rc8+ Kf7 35. c6 Rc3+ 36. Kb2 Bd4 37. Rf8+ Ke6 38. Re8+ Kf5 39. Rf8+ Ke6 40. Na4 Rxc6+ 41. Ka2 Re1 42. Re8+ Kd5 43. Rxg7 Re2+ 44. Kb3 Re3+ 45. Ka2 Rc4 46. Rd8+ Ke6 47. Nb2 Rcc3 48. Bf8 a4 49. Rg2 Rc6 50. Ra8 Rec3 51. Ba3 Rc2 52. Rag8 e4 53. R2g4 Re2 54. Rh4 Bf6 55. Re8+ Kf5 56. Rh5+ Kg6 57. Rb5 e3 58. h3 Re1 59. Rb4 h5 60. Rbe4 Rcc1 61. Nxa4 Re2+ 62. Nb2 Rc3 63. Rb4 Rf2 64. Rb6 e2 65. Bb4 Rc2 66. Be1 Rf1 67. Ba5 Rf2 68. Be1 Rf1 69. Ba5 Rf5 70. Be1 Rf1 1/2-1/2

[Event "Moscow Aeroflot op-A"]
[Site "Moscow"]
[Date "2025.03.04"]
[Round "6"]
[White "Goganov, Aleksey"]
[Black "Sadhwani, Raunak"]
[Result "1-0"]
[WhiteElo "2472"]
[BlackElo "2664"]
[PlyCount "89"]
[EventDate "2025.03.01"]
[EventType "swiss"]
[EventRounds "9"]
[EventCountry "RUS"]
[SourceTitle "CB11_2025"]
[SourceDate "2025.03.12"]
[SourceVersion "1"]
[SourceVersionDate "2025.03.12"]
[SourceQuality "1"]

1. d4 Nf6 2. c4 e6 3. Nf3 d5 4. g3 Bb4+ 5. Bd2 Be7 6. Bg2 0-0 7. 0-0 c6 8. Qc2 Nbd7 9. Bf4 a5 10. Rd1 h6 11. Nc3 dxc4 12. Nd2 Nd5 13. Nxc4 Nxf4 14. gxf4 Nb6 15. Ne5 Nd5 16. e3 Bd7 17. Kh1 Be8 18. Rg1 Kh8 19. f5 Nb4 20. Qe4 f6 21. Nf3 exf5 22. Qxf5 g6 23. Qb1 Rg8 24. e4 g5 25. a3 Na6 26. Bh3 Bh5 27. Bg4 Bg6 28. Bf5 Bxf5 29. exf5 Nc7 30. Qe4 h5 31. Rae1 Rg7 32. Nh4 Bd6 33. Ng6+ Kg8 34. Qf3 Qd7 35. Ne4 Nd5 36. Nxd6 Qxd6 37. Re6 g4 38. Qe4 Qd7 39. Re1 Kh7 40. f3 Nc7 41. Rxf6 Qd5 42. Nf4 Qb3 43. Nxh5 Re8 44. Re6 Nxe6 45. fxe6+ 1-0

[Event "Moscow Aeroflot op-A"]
[Site "Moscow"]
[Date "2025.03.03"]
[Round "4"]
[White "Soham, Kamotra"]
[Black "Sadhwani, Raunak"]
[Result "0-1"]
[WhiteElo "2430"]
[BlackElo "2664"]
[PlyCount "92"]
[EventDate "2025.03.01"]
[EventType "swiss"]
[EventRounds "9"]
[EventCountry "RUS"]
[SourceTitle "CB11_2025"]
[SourceDate "2025.03.12"]
[SourceVersion "1"]
[SourceVersionDate "2025.03.12"]
[SourceQuality "1"]

1. d4 Nf6 2. c4 e6 3. Nf3 h6 4. g3 Bb4+ 5. Nbd2 d5 6. Bg2 0-0 7. 0-0 b6 8. Qc2 a5 9. Rd1 Bb7 10. Ne5 Re8 11. Ndf3 Bd6 12. Bf4 c5 13. cxd5 exd5 14. Nh4 Bf8 15. Bxh6 gxh6 16. Nxf7 Kxf7 17. Qg6+ Ke7 18. e4 Kd7 19. e5 Nc6 20. exf6 Nxd4 21. Nf5 Kc7 22. Nxd4 cxd4 23. Rxd4 Re6 24. Rf4 Qe8 25. Rc1+ Rc6 26. Qh7+ Qd7 27. Rxc6+ Bxc6 28. f7 Rd8 29. Qc2 Qe6 30. h4 Kb7 31. Qc3 Rd6 32. Kh2 Ka7 33. Qd4 Bb7 34. a3 Bc6 35. b4 a4 36. Bf1 Qe1 37. Bd3 Bb7 38. b5 Kb8 39. Bf5 Qc1 40. Qxa4 Qc7 41. Bh3 d4 42. Rxd4 Qc5 43. Re4 Qxf2+ 44. Bg2 Rd8 45. Qc4 Bd6 46. Qe2 Bxg3+ 0-1

[Event "Moscow Aeroflot op-A"]
[Site "Moscow"]
[Date "2025.03.02"]
[Round "3"]
[White "Sadhwani, Raunak"]
[Black "Zemlyanskii, Ivan"]
[Result "0-1"]
[WhiteElo "2664"]
[BlackElo "2550"]
[PlyCount "188"]
[EventDate "2025.03.01"]
[EventType "swiss"]
[EventRounds "9"]
[EventCountry "RUS"]
[SourceTitle "CB11_2025"]
[SourceDate "2025.03.12"]
[SourceVersion "1"]
[SourceVersionDate "2025.03.12"]
[SourceQuality "1"]

1. e4 e5 2. Nf3 Nc6 3. Bc4 Nf6 4. d3 Be7 5. 0-0 0-0 6. Bb3 d5 7. exd5 Nxd5 8. h3 a5 9. Re1 a4 10. Bxd5 Qxd5 11. Nc3 Qd6 12. Qe2 Re8 13. Nb5 Qd8 14. d4 e4 15. Qxe4 Bd7 16. Rd1 Nb4 17. Nc3 Qc8 18. Qe2 Bf5 19. Ne1 c6 20. a3 Nd5 21. Qf3 Nxc3 22. bxc3 Qe6 23. Nd3 Be4 24. Qg3 Qd5 25. Re1 Bf8 26. Bf4 Re6 27. Qg5 Bxd3 28. Rxe6 Qxe6 29. cxd3 Qb3 30. Be5 Qxc3 31. d5 Qxd3 32. d6 Qd5 33. Qg3 Re8 34. Bf4 Re6 35. Qg4 h5 36. Qd1 Bxd6 37. Qxd5 cxd5 38. Bxd6 Rxd6 39. Rb1 b6 40. Kf1 d4 41. Ke2 Rg6 42. g3 Re6+ 43. Kd3 Rf6 44. Ke2 Re6+ 45. Kd3 Rf6 46. Ke2 Rc6 47. Rb4 Rc2+ 48. Ke1 Rc3 49. Rxa4 h4 50. gxh4 Rxh3 51. Rxd4 Rxa3 52. Rb4 Ra6 53. Ke2 Kf8 54. h5 Ke7 55. Kf3 Ke6 56. Rg4 Ra5 57. Rb4 Rf5+ 58. Kg4 b5 59. f4 Rd5 60. Rb1 Kd6 61. Kh4 Ke6 62. Kg4 Kd6 63. Kh4 g6 64. hxg6 fxg6 65. Rg1 Rh5+ 66. Kg4 Rf5 67. Ra1 Rc5 68. Rg1 Rc6 69. Kg5 Kc7 70. Rb1 Kb6 71. Kh6 Rf6 72. Kg5 Re6 73. Kh6 Kc5 74. Rc1+ Kd4 75. Rd1+ Kc3 76. Rc1+ Kd3 77. Rd1+ Kc4 78. Rc1+ Kd5 79. Rd1+ Kc5 80. Rc1+ Kb6 81. Rb1 Rd6 82. Kg7 Rc6 83. Kf7 Rd6 84. Kg7 Ka6 85. Kf7 Rb6 86. Ra1+ Kb7 87. Rg1 b4 88. Ra1 b3 89. Rb1 b2 90. Kg7 Ka6 91. Kf7 Ka5 92. Rxb2 Rxb2 93. Kxg6 Rf2 94. f5 Kb6 0-1